000 00412nam a2200181Ia 4500
003 IT-RoPAU
008 120407s9999 xx 000 0 und d
040 _aIT-RoPAU
040 _cIT-RoPAU
100 _aGiuseppe Zaffonato
245 _aCatechesi festiva. La legge
260 _aEdizioni Paoline
300 _c cm
490 _v1
600 _acollana Pastorale - Magisterium
942 _cBK
999 _c3358
_d3358